[Event "Titled Tuesday intern op 27th Jun Early"]
[Site "Chess.com INT"]
[Date "2023.06.27"]
[Round "5"]
[White "Gogolev, Artem"]
[Black "Nouri, Alekhine"]
[Result "1/2-1/2"]
[WhiteElo "2240"]
[BlackElo "2231"]
[PlyCount "150"]
[EventDate "2023.06.27"]
[EventType "swiss (blitz)"]
[EventRounds "11"]
[EventCountry "USA"]
[SourceTitle "EXT 2024"]
[Source "ChessBase"]
[SourceDate "2023.10.10"]
[SourceVersion "1"]
[SourceVersionDate "2023.10.10"]
[SourceQuality "1"]

1. d4 Nf6 2. c4 g6 3. Nc3 Bg7 4. Nf3 0-0 5. Bg5 d6 6. e3 Nbd7 7. Be2 c5 8. 0-0 a6 9. d5 h6 10. Bh4 Ng4 11. Qc2 Rb8 12. a4 b6 13. Nd2 Ngf6 14. f4 Qc7 15. e4 Re8 16. Rae1 Bb7 17. Bg3 h5 18. Bd3 Ng4 19. Nf3 Bd4+ 20. Nxd4 cxd4 21. Ne2 Ne3 22. Qd2 Nxf1 23. Rxf1 b5 24. cxb5 axb5 25. Bxb5 Nc5 26. Bxe8 Nxe4 27. Qxd4 Nxg3 28. Bxf7+ Kxf7 29. Nxg3 Qc5 30. Qxc5 dxc5 31. Rc1 Bxd5 32. Rxc5 Ke6 33. Rc2 Rb4 34. Ne2 Rxa4 35. Kf2 Be4 36. Rd2 Rb4 37. Rd4 Rxd4 38. Nxd4+ Kd5 39. Ne2 Kc4 40. g3 Kb3 41. Ke3 Bb1 42. Nc3 Bc2 43. Nd5 e6 44. Nc7 Bf5 45. Kd4 Kxb2 46. Ke5 Kc3 47. Nxe6 Kd3 48. Nd4 Be4 49. f5 gxf5 50. Nxf5 Bf3 51. Kf4 Bd1 52. h4 Ke2 53. Ne3 Bb3 54. Nf5 Kf2 55. Nd4 Bd1 56. Nb5 Kg2 57. Nd6 Kh3 58. Ne4 Be2 59. Kg5 Kg2 60. Kf4 Kh3 61. Ke3 Bg4 62. Kf2 Bd1 63. Nf6 Kh2 64. Nd5 Kh3 65. Nf4+ Kg4 66. Ng2 Kh3 67. Nf4+ Kg4 68. Ng2 Kh3 69. Ne3 Ba4 70. Nf1 Bc6 71. Nd2 Bd5 72. Nb1 Kg4 73. Nc3 Bc6 74. Ne2 Ba4 75. Nf4 Bd1 1/2-1/2

[Event "Titled Tuesday intern op 11th Apr Early"]
[Site "Chess.com INT"]
[Date "2023.04.11"]
[Round "4"]
[White "Gogolev, Artem"]
[Black "Iskusnyh, Sergei"]
[Result "0-1"]
[WhiteElo "2262"]
[BlackElo "2440"]
[PlyCount "52"]
[EventDate "2023.04.11"]
[EventType "swiss (blitz)"]
[EventRounds "11"]
[EventCountry "USA"]
[SourceTitle "CBM 213 Extra"]
[Source "ChessBase"]
[SourceDate "2023.05.31"]
[SourceVersion "1"]
[SourceVersionDate "2023.05.31"]
[SourceQuality "1"]

1. d4 d5 2. c4 c6 3. Nf3 Nf6 4. g3 Bf5 5. Bg2 e6 6. Qb3 Qb6 7. c5 Qa6 8. Bf1 Ne4 9. Nc3 b6 10. cxb6 axb6 11. Nh4 Nd7 12. f3 Nxc3 13. bxc3 Bg6 14. a4 Be7 15. Nxg6 hxg6 16. e4 Qa7 17. Be3 0-0 18. h4 dxe4 19. fxe4 Nf6 20. h5 gxh5 21. Bg5 Nxe4 22. Bxe7 Qxe7 23. Rxh5 Nxg3 24. Rh3 Qg5 25. Kf2 Ne4+ 26. Kf3 Nd2+ 0-1